000 00747nam a2200217Ii 4500
003 JO-AjNU
008 230605s9999||||xx |||||||||||||| ||und||
017 _a2009/3/4261
040 _aJO-AjNU
_bara
_erda
_cJO-AjNU
041 _aara
050 1 4 _aPJ7635.A563 2009
100 3 _aإعداد العنابي،زهر؛ إعداد طارق هياجنة,
_eauthor
_950585
245 0 0 _aالرسالة الجامعية، ج6
250 _aط1
264 3 1 _aعمان:دار إبن بطوطة،2009
300 _aج6، 192ص
336 _atext
_btxt
_2rdacontent
337 _aunmediated
_bn
_2rdamedia
338 _avolume
_bnc
_2rdacarrier
650 4 _aالرسائل الجامعية - النقد الأدبي - التحليل الأدبي
_950586
999 _aA22292
_c25860
_d25860